[Event "Challenge"]
[Site "http://www.queenalice.com/game.php?id=1793706"]
[Date "2022.8.5"]
[Round "-"]
[White "jjjcarvalho"]
[Black "luiz_gustavo"]
[Result "0-1"]
[WhiteElo "1858"]
[BlackElo "1925"]

1. e4 e5 2. Nf3 Nc6 3. Bc4 h6 4. d3 Nf6 5. a3 d6 6. Nc3 Bg4 7. Bb5 a6 8. Bxc6+
bxc6 9. h3 Bh5 10. Be3 Bxf3 11. Qxf3 d5 12. b4 d4 13. Bd2 dxc3 14. Bxc3 Bd6 15.
g4 g5 16. Ke2 Qe7 17. Bb2 c5 18. bxc5 Bxc5 19. a4 Bd4 20. Rhb1 c5 21. Bxd4 cxd4
22. Rb2 O-O 23. Qg3 Qc7 24. h4 Qd7 25. f3 Qc7 26. hxg5 hxg5 27. Rh1 Nh7 28. c4
dxc3 29. Rc2 Rab8 30. Qh3 f6 31. Rxc3 Rb2+ 32. Ke3 Qb6+ 33. d4 Qxd4# 0-1

[Event "Challenge"]
[Site "http://www.queenalice.com/game.php?id=1793708"]
[Date "2022.8.5"]
[Round "-"]
[White "jjjcarvalho"]
[Black "Mlintz"]
[Result "1-0"]
[WhiteElo "1855"]
[BlackElo "1832"]

1. d4 e6 2. e4 d5 3. e5 c5 4. Nf3 Nd7 5. Bb5 Qa5+ 6. Nc3 a6 7. Bxd7+ Bxd7 8. Bd2
Qc7 9. Bf4 b6 10. O-O g6 11. Re1 Bg7 12. h3 Ne7 13. Bg5 Bc6 14. g4 O-O 15. b3
Qd7 16. Bf6 c4 17. a4 a5 18. g5 b5 19. axb5 Bb7 20. Bxg7 Kxg7 21. h4 Nf5 22. Kg2
h6 23. Rh1 hxg5 24. hxg5 Qc7 25. Qd2 Rh8 26. Rh2 Rxh2+ 27. Kxh2 Rh8+ 28. Kg2
Nh4+ 29. Nxh4 Rxh4 30. Rh1 Rxh1 31. Kxh1 Qd8 32. Qf4 Qh8+ 33. Kg2 Qd8 34. Qf6+
Qxf6 35. exf6+ Kf8 36. b6 Ke8 37. Kg3 Kd7 38. Kf4 Ba6 39. Na4 cxb3 40. cxb3 Bb5
41. b7 Kc7 42. Nc5 Bc6 43. Ke5 a4 44. bxa4 Bxb7 45. Nxb7 1-0

[Event "Challenge"]
[Site "http://www.queenalice.com/game.php?id=1793709"]
[Date "2022.8.5"]
[Round "-"]
[White "jjjcarvalho"]
[Black "Taurus"]
[Result "0-1"]
[WhiteElo "1810"]
[BlackElo "2248"]

1. d4 d5 2. Nf3 Nf6 3. e3 a6 4. c4 Bg4 5. Nc3 e6 6. cxd5 exd5 7. h3 Bh5 8. Be2
Nc6 9. a3 Bd6 10. b4 O-O 11. Nh2 Bg6 12. Bd3 Qe7 13. Nf3 Rad8 14. O-O Be4 15.
Bxe4 dxe4 16. Nh2 Qd7 17. f3 exf3 18. Qxf3 b6 19. Rb1 Be7 20. Rf2 Ne8 21. Bd2
Nd6 22. Ng4 Nc4 23. Bc1 f5 24. Nh2 b5 25. Nf1 Bh4 26. g3 Be7 27. h4 f4 28. exf4
Nxd4 29. Qd1 Qf5 30. Ne3 Qg6 31. Kh2 Ne5 32. Qf1 Nd3 33. f5 Qc6 34. Ncd5 Bf6 35.
Nxf6+ Rxf6 36. Rg2 Nf3+ 0-1

[Event "Challenge"]
[Site "http://www.queenalice.com/game.php?id=1794539"]
[Date "2022.8.18"]
[Round "-"]
[White "jjjcarvalho"]
[Black "Piondanslevent"]
[Result "1-0"]
[WhiteElo "1861"]
[BlackElo "1592"]

1. d4 d5 2. Nf3 g6 3. e3 Nc6 4. Nc3 Bg7 5. Bb5 Bd7 6. h3 e6 7. a3 Nge7 8. O-O a6
9. Bd3 O-O 10. Nh2 b5 11. b4 f5 12. f4 Nxd4 13. Bb2 h5 14. Rb1 e5 15. exd4 exd4
16. Ne2 Nc6 17. c3 dxc3 18. Bxc3 Qe7 19. Re1 Bxc3 20. Nxc3 Qd6 21. Ne2 d4 22.
Nf3 Rae8 23. Ng5 Bc8 24. Rf1 Bb7 25. Qb3+ Kg7 26. Rbe1 Na7 27. Rf2 Rf6 28. Qb1
c5 29. bxc5 Qxc5 30. Rc1 Qxa3 31. Nxd4 Rd8 32. Nde6+ Rxe6 33. Nxe6+ Kf6 34. Nxd8
Bd5 35. Qb2+ Qxb2 36. Rxb2 Ke7 37. Rc7+ Kd6 38. Rxa7 Kc5 39. Rxa6 Kd4 40. Bxb5
Kc3 41. Rf2 Kb4 42. Be8 Kc3 43. Bxg6 h4 44. Bxf5 1-0

[Event "Challenge"]
[Site "http://www.queenalice.com/game.php?id=1794540"]
[Date "2022.8.18"]
[Round "-"]
[White "Piondanslevent"]
[Black "jjjcarvalho"]
[Result "0-1"]
[WhiteElo "1572"]
[BlackElo "1856"]

1. d4 d5 2. b3 Nc6 3. Bb2 Nf6 4. g3 Bf5 5. Bg2 e6 6. a4 Ne4 7. Nf3 Qd7 8. O-O
Be7 9. c4 Rg8 10. c5 b6 11. cxb6 axb6 12. Nc3 h6 13. Nxe4 Bxe4 14. Bc3 Bb4 15.
Qd2 Bxc3 16. Qxc3 g5 17. b4 f5 18. b5 Na5 19. Ne5 Qd6 20. Bxe4 fxe4 21. f3 h5
22. Rfc1 Rc8 23. Kf2 g4 24. f4 Qe7 25. Nc6 Nxc6 26. Qxc6+ Kf7 27. a5 bxa5 28.
Rxa5 h4 29. Ra7 hxg3+ 30. hxg3 Rgd8 31. b6 Kf6 32. Rxc7 Rxc7 33. bxc7 Rc8 34.
Qb7 Qh7 35. Kg2 Qh3+ 36. Kf2 Qh2+ 37. Ke1 Qxg3+ 38. Kd2 Qxf4+ 39. e3 Qf2+ 40.
Kd1 Rh8 41. c8=Q Rh1# 0-1

[Event "Challenge"]
[Site "http://www.queenalice.com/game.php?id=1794542"]
[Date "2022.8.18"]
[Round "-"]
[White "jjjcarvalho"]
[Black "Carlos19"]
[Result "1-0"]
[WhiteElo "1862"]
[BlackElo "1583"]

1. e4 e5 2. Nf3 Nc6 3. Bc4 h6 4. d3 Nf6 5. a3 Bc5 6. h3 O-O 7. O-O d6 8. Nc3 a6
9. b4 Bd4 10. Nxd4 exd4 11. Ne2 b5 12. Bb3 a5 13. Bd2 a4 14. Ba2 Bb7 15. Re1 d5
16. Ng3 dxe4 17. dxe4 d3 18. cxd3 Qxd3 19. Re3 Qd6 20. Nf5 Qd8 21. Rg3 g5 22.
Qf3 Qxd2 23. Nxh6+ Kh7 24. Qxf6 Qd6 25. Qxd6 Rfd8 26. Qxc7 Kxh6 27. Qxb7 Nd4 28.
Qb6+ Kh5 29. Bxf7+ Kh4 30. Qh6# 1-0

[Event "Challenge"]
[Site "http://www.queenalice.com/game.php?id=1794543"]
[Date "2022.8.18"]
[Round "-"]
[White "Carlos19"]
[Black "jjjcarvalho"]
[Result "0-1"]
[WhiteElo "1726"]
[BlackElo "1869"]

1. e4 e5 2. Nf3 d6 3. Bc4 h6 4. d3 Nf6 5. h3 Qe7 6. O-O Nc6 7. a3 a6 8. Nc3 b5
9. Bb3 Be6 10. Nd5 Nxd5 11. exd5 Na5 12. dxe6 Nxb3 13. cxb3 Qxe6 14. Re1 Qd7 15.
a4 f5 16. d4 e4 17. Nh4 Qf7 18. f3 Qf6 19. g3 g5 20. Ng2 d5 21. f4 bxa4 22. bxa4
Bd6 23. h4 gxf4 24. Bxf4 Bxf4 25. Nxf4 c6 26. Qh5+ Kd7 27. Qg6 Qxg6 28. Nxg6
Rhg8 29. Ne5+ Kc7 30. Kh2 Rab8 31. Rab1 Rb4 32. Rec1 Rxd4 33. Rxc6+ Kb7 34. Rxh6
Rxa4 35. Rg6 Rc8 36. b4 Rc2+ 37. Kh3 Raa2 38. Rh1 e3 39. Rg7+ Kb6 40. g4 fxg4+
41. Rxg4 Kb5 42. Nd3 Rc4 43. Rhg1 Rd2 44. Ne1 Kxb4 45. Kg3 d4 46. Kf3 Rf2+ 47.
Kg3 Kc3 48. h5 Rc7 49. h6 d3 50. Rg2 Rxg2+ 51. Nxg2 e2 52. Rh4 d2 53. h7 Rxh7
54. Rxh7 e1=Q+ 55. Nxe1 dxe1=Q+ 56. Kf4 a5 57. Rc7+ Kb4 58. Rb7+ Ka4 59. Rb2
Qb4+ 60. Ke5 Qxb2+ 61. Ke4 Kb4 62. Kd5 a4 0-1

[Event "Challenge"]
[Site "http://www.queenalice.com/game.php?id=1794544"]
[Date "2022.8.18"]
[Round "-"]
[White "jjjcarvalho"]
[Black "AleLima"]
[Result "0-1"]
[WhiteElo "1808"]
[BlackElo "1833"]

1. d4 d5 2. Nf3 g6 3. e3 Bg7 4. c4 e6 5. Qc2 Nf6 6. Nc3 O-O 7. cxd5 exd5 8. h3
Bf5 9. Bd3 Bxd3 10. Qxd3 Nc6 11. a3 Re8 12. O-O Na5 13. Nd2 b6 14. b4 Nc6 15.
Nb3 a6 16. Bd2 Qd6 17. Rae1 Nd8 18. f4 Ne4 19. Nxe4 dxe4 20. Qc2 Nb7 21. Rc1
Rec8 22. Qxe4 c6 23. f5 Qd5 24. Qxd5 cxd5 25. f6 Bh6 26. h4 Nd6 27. g4 Ne4 28.
Rxc8+ Rxc8 29. g5 Bf8 30. Rc1 Rxc1+ 31. Bxc1 h6 32. Nd2 hxg5 33. Nxe4 dxe4 34.
hxg5 Bd6 35. Kf2 Kf8 36. d5 a5 37. bxa5 bxa5 38. a4 Ke8 39. Bd2 Bc7 0-1

[Event "Challenge"]
[Site "http://www.queenalice.com/game.php?id=1794545"]
[Date "2022.8.18"]
[Round "-"]
[White "AleLima"]
[Black "jjjcarvalho"]
[Result "1-0"]
[WhiteElo "1848"]
[BlackElo "1793"]

1. e4 c5 2. Nf3 d6 3. d4 cxd4 4. Nxd4 Bd7 5. Bc4 e5 6. Nf3 h6 7. Qd5 Be6 8. Bb5+
Nc6 9. Bxc6+ bxc6 10. Qxc6+ Bd7 11. Qb7 Nf6 12. Nc3 Be7 13. O-O O-O 14. Qa6 Qc7
15. a4 Bc8 16. Qd3 Bd7 17. Nb5 Qa5 18. Bd2 Qd8 19. b4 Bxb5 20. axb5 Qb6 21. Be3
Qc7 22. Nd2 Ng4 23. Nb1 Rfc8 24. c3 Nxe3 25. Qxe3 Bg5 26. Qe2 Rd8 27. c4 Rdc8
28. Na3 a6 29. g3 axb5 30. Nxb5 Qe7 31. Rxa8 Rxa8 32. Rd1 Ra4 33. Qe1 Ra6 34.
Ra1 Rc6 35. Na3 g6 36. b5 Rc8 37. Qa5 f5 38. Qa6 Rf8 39. c5 1-0

[Event "Challenge"]
[Site "http://www.queenalice.com/game.php?id=1794546"]
[Date "2022.8.18"]
[Round "-"]
[White "jjjcarvalho"]
[Black "attachui"]
[Result "0-1"]
[WhiteElo "1841"]
[BlackElo "2127"]

1. d4 Nf6 2. c4 g6 3. Nf3 Bg7 4. e3 O-O 5. Nc3 d6 6. h3 Nc6 7. a3 e5 8. dxe5
Nxe5 9. Nxe5 dxe5 10. Qxd8 Rxd8 11. Rb1 Bf5 12. Ra1 Ne4 13. g4 Nxc3 14. bxc3 Be4
15. Bb2 Bxh1 16. Ke2 e4 17. Rc1 Rd6 18. Ke1 Rad8 19. Be2 Rd2 20. Rd1 Rxe2+ 21.
Kxe2 Bf3+ 0-1

[Event "Challenge"]
[Site "http://www.queenalice.com/game.php?id=1794547"]
[Date "2022.8.18"]
[Round "-"]
[White "attachui"]
[Black "jjjcarvalho"]
[Result "1-0"]
[WhiteElo "2230"]
[BlackElo "1750"]

1. d4 d5 2. c4 Nf6 3. cxd5 Qxd5 4. Nc3 Qd8 5. Nf3 e6 6. Bf4 a6 7. e3 h6 8. Bc4
Bb4 9. Qc2 b5 10. Bb3 Bb7 11. a3 Bxc3+ 12. Qxc3 Nc6 13. O-O Ne4 14. Qc2 Nf6 15.
Rfe1 Rc8 16. Rad1 O-O 17. e4 Nh5 18. d5 exd5 19. exd5 Nxf4 20. dxc6 Qf6 21. cxb7
Rb8 22. Ne5 Qg5 23. g3 Rxb7 24. Nxf7 1-0

[Event " Espetinhos Do Bira"]
[Site "http://www.queenalice.com/game.php?id=1795234"]
[Date "2022.8.31"]
[Round "-"]
[White "jjjcarvalho"]
[Black "zubarev"]
[Result "1-0"]
[WhiteElo "1845"]
[BlackElo "1690"]

1. d4 d5 2. Nf3 Nf6 3. e3 e6 4. c4 c6 5. Qc2 Ne4 6. Nc3 Bb4 7. Bd2 Bxc3 8. Bxc3
O-O 9. cxd5 exd5 10. Nd2 f5 11. Nxe4 fxe4 12. O-O-O Qf6 13. Rd2 Nd7 14. f4 Nb6
15. h3 Be6 16. g4 Bd7 17. Rf2 a5 18. Qb3 Qh4 19. Rhh2 a4 20. Qxb6 Qf6 21. Qxb7
Qe6 22. Qc7 a3 23. Bb4 axb2+ 24. Rxb2 Rac8 25. Qe5 Qxe5 26. dxe5 c5 27. Ba3 c4
28. Bxf8 Kxf8 29. Rb7 Bc6 30. Rb1 Ke7 31. Rhb2 g6 32. g5 Ke6 33. h4 Kf5 34. Bh3#
1-0

[Event "Challenge"]
[Site "http://www.queenalice.com/game.php?id=1795469"]
[Date "2022.9.3"]
[Round "-"]
[White "jjjcarvalho"]
[Black "Castling"]
[Result "1-0"]
[WhiteElo "1850"]
[BlackElo "1609"]

1. d4 Nf6 2. c4 d6 3. Nc3 a6 4. h3 Be6 5. e3 Nbd7 6. d5 Bf5 7. Bd3 Bxd3 8. Qxd3
Ne5 9. Qe2 Qd7 10. Nf3 Nxf3+ 11. Qxf3 e5 12. b3 O-O-O 13. Bd2 e4 14. Nxe4 Be7
15. Bc3 Qe8 16. Nxf6 gxf6 17. Bxf6 Bxf6 18. Qxf6 Qe4 19. Qf3 f5 20. Qxe4 fxe4
21. Ke2 Rdf8 22. Rhf1 Rf6 23. Rad1 Rg8 24. g3 Rf3 25. Rd4 Re8 26. h4 c5 27. Rxe4
Rxe4 28. Kxf3 Re7 29. Ke2 b5 30. cxb5 axb5 31. f3 Kb7 32. e4 b4 33. Ra1 Rg7 34.
g4 Kc7 35. a3 Kb6 36. axb4 cxb4 37. Kd3 Kb5 38. Rc1 Rd7 39. f4 1-0

[Event "Challenge"]
[Site "http://www.queenalice.com/game.php?id=1795470"]
[Date "2022.9.3"]
[Round "-"]
[White "Castling"]
[Black "jjjcarvalho"]
[Result "0-1"]
[WhiteElo "1694"]
[BlackElo "1835"]

1. e4 e5 2. Bc4 Nf6 3. d3 Nc6 4. a3 h6 5. Nf3 a6 6. Nc3 g5 7. Be3 d5 8. h3 d4 9.
Nxe5 Nxe5 10. Bxd4 Nxc4 11. dxc4 Rg8 12. Qf3 Bg7 13. O-O-O Be6 14. Bxf6 Qxf6 15.
Nd5 Qxb2+ 16. Kd2 Qd4+ 17. Kc1 Qxc4 18. Rd3 Bxd5 19. Rxd5 Qa2 20. Kd2 Rd8 21.
Rxd8+ Kxd8 22. Qd3+ Kc8 23. Re1 Rd8 24. Qxd8+ Kxd8 25. e5 Qd5+ 26. Kc1 Qxg2 27.
e6 fxe6 28. Rxe6 Qxf2 0-1

[Event "Challenge"]
[Site "http://www.queenalice.com/game.php?id=1795471"]
[Date "2022.9.3"]
[Round "-"]
[White "jjjcarvalho"]
[Black "JoseMessias"]
[Result "0-1"]
[WhiteElo "1845"]
[BlackElo "1870"]

1. d4 d5 2. Nf3 Bf5 3. e3 e6 4. c4 c6 5. Nc3 Qa5 6. Bd2 Bb4 7. a3 Bxc3 8. Bxc3
Qc7 9. cxd5 cxd5 10. Rc1 Nc6 11. h3 Be4 12. Bd3 Nf6 13. b4 O-O 14. Bb2 a5 15. b5
Qb6 16. Bf1 a4 17. Bc3 Ne7 18. Bb4 Rfe8 0-1

[Event "Challenge"]
[Site "http://www.queenalice.com/game.php?id=1795472"]
[Date "2022.9.3"]
[Round "-"]
[White "JoseMessias"]
[Black "jjjcarvalho"]
[Result "1-0"]
[WhiteElo "1854"]
[BlackElo "1861"]

1. e4 c5 2. Bc4 Nc6 3. Qf3 e6 4. Nh3 h6 5. d3 Nf6 6. Nc3 Ne5 7. Qf4 Nxc4 8. dxc4
a6 9. Qh4 Be7 10. Bg5 e5 11. Nd5 Nxd5 12. Bxe7 Nxe7 13. Qh5 d6 14. O-O-O Bxh3
15. Qxh3 b5 16. cxb5 1-0

[Event "Challenge"]
[Site "http://www.queenalice.com/game.php?id=1795531"]
[Date "2022.9.5"]
[Round "-"]
[White "jjjcarvalho"]
[Black "eduardocosta"]
[Result "0-1"]
[WhiteElo "1779"]
[BlackElo "1462"]

1. d4 e6 2. c4 Bb4+ 3. Bd2 Bxd2+ 4. Qxd2 Nf6 5. Nc3 b6 6. f3 Bb7 7. e4 O-O 8. e5
Ne8 9. O-O-O d6 10. f4 dxe5 11. fxe5 Nc6 12. Nf3 Na5 13. Rg1 Ba6 14. b3 Bb7 15.
Be2 Bc8 16. g4 Qe7 17. Qb2 Nb7 18. h4 c5 19. g5 cxd4 20. Nxd4 Nc5 21. Bf3 Bb7
22. Bxb7 Qxb7 23. Rde1 Nd3+ 24. Kc2 Nxe1+ 25. Rxe1 Qg2+ 26. Nce2 Qe4+ 27. Kd1
Qxe5 28. Qc2 Nd6 29. a4 Qe4 30. Qxe4 Nxe4 31. Kc2 Nc5 32. h5 Rad8 33. Nc6 Rd7
34. Ned4 Nb7 35. h6 g6 36. Kc3 Nc5 0-1

[Event "Challenge"]
[Site "http://www.queenalice.com/game.php?id=1797084"]
[Date "2022.9.28"]
[Round "-"]
[White "crisvolei"]
[Black "jjjcarvalho"]
[Result "0-1"]
[WhiteElo "1662"]
[BlackElo "1841"]

1. e4 e5 2. Qf3 Nf6 3. g4 h6 4. d4 d6 5. h3 exd4 6. e5 dxe5 7. g5 hxg5 8. h4
gxh4 9. Bc4 Nc6 10. Nh3 Bxh3 11. Rxh3 Qd6 12. Bg5 Be7 13. Rxh4 Rxh4 14. Bxh4
Qb4+ 15. Nc3 dxc3 16. b3 Nd4 17. Qd3 Rd8 18. Qg3 Nxc2+ 19. Kf1 Nxa1 20. Qxg7 Kd7
21. Qxf7 Kc8 22. Qe6+ Kb8 23. Bxf6 Bxf6 24. Qxf6 Qd6 25. Qf3 Qd1+ 26. Qxd1 Rxd1+
27. Ke2 c2 28. b4 c1=Q 29. Be6 Nc2 30. b5 Nd4# 0-1

[Event "Challenge"]
[Site "http://www.queenalice.com/game.php?id=1797085"]
[Date "2022.9.28"]
[Round "-"]
[White "jjjcarvalho"]
[Black "crisvolei"]
[Result "1-0"]
[WhiteElo "1866"]
[BlackElo "1666"]

1. d4 e6 2. Nf3 Qf6 3. e3 d5 4. c4 Bb4+ 5. Bd2 Bxd2+ 6. Qxd2 Ne7 7. Nc3 Nbc6 8.
cxd5 Nxd5 9. a3 g5 10. h3 h5 11. Nxd5 exd5 12. Bb5 O-O 13. Bxc6 bxc6 14. O-O-O
Ba6 15. Qa5 Be2 16. Rde1 Bxf3 17. gxf3 Qxf3 18. Qd2 a5 19. Reg1 f6 20. Qc2 Kg7
21. Rh2 f5 22. Rhg2 g4 23. hxg4 fxg4 24. Qxc6 Ra7 25. Rh2 Rf6 26. Qe8 Rh6 27.
Kd2 Rb7 28. Rb1 Qf5 29. Qe7+ Kg8 30. Qe8+ Kh7 31. Qe7+ Kg6 32. Qe8+ Kg5 33. f4+
gxf3 34. Rg1+ Qg4 35. Rxg4+ Kxg4 36. Qg8+ Kf5 37. Qxd5+ Kg4 38. Qxb7 Rh7 39.
Qe4+ Kg3 40. Qf4# 1-0

[Event "Challenge"]
[Site "http://www.queenalice.com/game.php?id=1797925"]
[Date "2022.10.13"]
[Round "-"]
[White "Mlintz"]
[Black "jjjcarvalho"]
[Result "1-0"]
[WhiteElo "1911"]
[BlackElo "1822"]

1. e4 e5 2. Nf3 d6 3. c3 f5 4. d4 fxe4 5. Ng5 Nf6 6. dxe5 Ng8 7. exd6 Nf6 8. Bc4
Qxd6 9. Bf7+ Kd8 10. Qe2 h6 11. Nxe4 Nxe4 12. Qxe4 Qe7 13. Qxe7+ Bxe7 14. O-O
Rf8 15. Bh5 Nc6 16. Be3 Bd7 17. Nd2 Kc8 18. Rad1 a5 19. a4 Ne5 20. b3 b6 21. f4
Nc6 22. Bf3 Bf6 23. Rc1 Re8 24. Bf2 Rb8 25. Ne4 Bd8 26. Rfe1 b5 27. axb5 Rxb5
28. Nc5 Be7 29. Nxd7 Nb8 30. Nxb8 Kxb8 31. Bc6 Rxb3 32. Bxe8 Bf6 33. Bd4 Bxd4+
34. cxd4 Rd3 35. Red1 1-0

[Event "Challenge"]
[Site "http://www.queenalice.com/game.php?id=1797926"]
[Date "2022.10.13"]
[Round "-"]
[White "jjjcarvalho"]
[Black "Mlintz"]
[Result "0-1"]
[WhiteElo "1836"]
[BlackElo "1898"]

1. d4 e6 2. Nf3 c5 3. dxc5 Bxc5 4. Nc3 Nf6 5. h3 d5 6. Bg5 Be7 7. e3 O-O 8. Be2
a6 9. Ne5 Nfd7 10. Bxe7 Qxe7 11. Nxd7 Bxd7 12. O-O Nc6 13. a3 Rfd8 14. b4 b6 15.
f4 f5 16. Bf3 Bc8 17. Ne2 Qf6 18. c3 Bb7 19. Rc1 Qf7 20. Nd4 Ne7 21. Qb3 Nc6 22.
Qd1 Kh8 23. Qe2 Nxd4 24. cxd4 Rac8 25. Rxc8 Rxc8 26. Qd2 Qc7 27. g4 fxg4 28.
Bxg4 Qe7 29. Kh2 b5 30. f5 exf5 31. Bxf5 Rf8 32. Qd3 g6 33. Bg4 Rxf1 0-1

[Event "Challenge"]
[Site "http://www.queenalice.com/game.php?id=1799227"]
[Date "2022.11.4"]
[Round "-"]
[White "jjjcarvalho"]
[Black "Givanildo"]
[Result "1-0"]
[WhiteElo "1843"]
[BlackElo "1472"]

1. d4 d5 2. Nf3 h6 3. e3 Bg4 4. Be2 e6 5. h3 Bh5 6. Nc3 Bb4 7. Bd2 Ne7 8. Ne5
Bxe2 9. Qxe2 c6 10. O-O Nd7 11. f4 Nxe5 12. fxe5 Qa5 13. Qf3 O-O-O 14. Qxf7 g5
15. Qxe6+ Kb8 16. a3 Bxc3 17. Bxc3 Qc7 18. Qg4 Ng6 19. Bb4 a5 20. Bd6 Rxd6 21.
exd6 Qxd6 22. c3 Nh4 23. g3 Ng6 24. b4 a4 25. Rf2 Qd8 26. Raf1 h5 27. Qe6 Nf8
28. Qe5+ Ka7 29. Qxh8 h4 30. Rxf8 Qe7 31. Ra8+ Kb6 32. Qd8+ Qxd8 33. Rxd8 hxg3
34. Kg2 Kc7 35. Rg8 b5 36. Kxg3 g4 37. hxg4 Kd7 38. g5 Ke7 39. g6 Kd7 40. g7 Ke7
41. Rgf8 Ke6 42. g8=Q+ Kd7 43. Qg7+ Kd6 44. R1f6# 1-0

[Event "Challenge"]
[Site "http://www.queenalice.com/game.php?id=1799228"]
[Date "2022.11.4"]
[Round "-"]
[White "Givanildo"]
[Black "jjjcarvalho"]
[Result "0-1"]
[WhiteElo "1610"]
[BlackElo "1845"]

1. d4 d5 2. Bf4 Nc6 3. e3 a6 4. Bd3 Nf6 5. h3 h6 6. Nf3 g5 7. Bg3 Ne4 8. Bxe4
dxe4 9. Ne5 Nxe5 10. Bxe5 f6 11. Bg3 h5 12. Bh2 Bg7 13. O-O Be6 14. b3 Rc8 15.
c4 c6 16. Qc2 f5 17. Nd2 b5 18. c5 g4 19. g3 gxh3 20. b4 Kf7 21. f3 exf3 22.
Nxf3 Bf6 23. Nh4 Bxh4 24. Rxf5+ Bxf5 25. Qxf5+ Bf6 26. Qxh3 Qg8 27. Rf1 Qg4 28.
Qg2 h4 29. d5 h3 30. Qh1 Rhd8 31. dxc6 Rd2 32. Rf4 Qd1+ 33. Rf1 Rg2+ 34. Qxg2
hxg2 35. Rxd1 Rxc6 36. Kxg2 Bc3 37. Rf1+ Ke8 38. a3 Bb2 39. e4 Bxa3 40. Rb1 e5
41. g4 Rg6 42. Kg3 Kd7 43. Rb3 Bc1 44. Kf3 Rh6 45. Bxe5 Rh3+ 46. Ke2 Rxb3 47.
Kd1 Bg5 48. Kc2 Rxb4 49. Kd3 Be7 50. Bd4 Rb1 51. Kc2 Rf1 52. e5 Rf4 53. Be3 Rxg4
54. c6+ Kxc6 55. Kd3 b4 56. e6 Rg6 57. Kc4 Rxe6 58. Bd2 a5 59. Kb3 Kb5 60. Bxb4
axb4 0-1